Quy hoạch, thiết kế và xây dựng đường giao thông nông thôn

Quy hoạch đường giao thông nông thôn. Thiết kế, xây dựng cầu, đường giao thông nông thôn

Guardado en:
Detalles Bibliográficos
Autor principal: Trương, Xuân Khiêm
Formato: Libro
Lenguaje:Undetermined
Publicado: Hà Nội Giao thông vận tải 1998
Materias:
Etiquetas: Agregar Etiqueta
Sin Etiquetas, Sea el primero en etiquetar este registro!
Thư viện lưu trữ: Trung tâm Học liệu Trường Đại học Cần Thơ
LEADER 00787nam a2200193Ia 4500
001 CTU_148162
008 210402s9999 xx 000 0 und d
082 |a 625.7 
082 |b Kh304 
100 |a Trương, Xuân Khiêm 
245 0 |a Quy hoạch, thiết kế và xây dựng đường giao thông nông thôn 
245 0 |c Trương Xuân Khiêm 
260 |a Hà Nội 
260 |b Giao thông vận tải 
260 |c 1998 
520 |a Quy hoạch đường giao thông nông thôn. Thiết kế, xây dựng cầu, đường giao thông nông thôn 
650 |a Civil engineering,Roads,Xây dựng cầu đường,Con đường 
904 |i Trọng Hải 
980 |a Trung tâm Học liệu Trường Đại học Cần Thơ